000 00736nam a22002417a 4500
003 0
005 20251111162956.0
008 251111b xxu||||| |||| 00| 0 eng d
020 _a979-8-214-10691-5
050 _aQP 34.5
_b.R59 2026
100 _aRizzo, Donald C.,
_eauthor.
245 _aFundamentals of anatomy & physiology /
_cDonald C. Rizzo and Elisa Ratliff.
250 _aFifth edition.
260 _aMason, OH :
_bCengage,
_c2026.
300 _axxiv, 530 pages :
_bcolored illustrations ;
_c28 cm.
504 _aIncludes index.
650 _aHuman anatomy
_xTextbooks.
650 _aHuman physiology
_xTextbooks.
650 _aAnatomy.
650 _aPhysiology.
700 _aRatliff, Elisa,
_eauthor.
942 _2lcc
_cBK
999 _c368598
_d368598